|
|
|
|
| LEADER |
00000nam a22000007a 4500 |
| 005 |
20210414221946.0 |
| 007 |
cr|||| |||| |
| 008 |
210414s2021 br |||||s|||| 00||0 por d |
| 020 |
|
|
|a 978-85-7456-388-6
|
| 035 |
|
|
|a 33079
|
| 040 |
|
|
|a vLex
|
| 090 |
|
|
|c 11456
|d 11456
|
| 100 |
1 |
|
|a Pelacani, Valmir Luiz
|
| 245 |
1 |
0 |
|a Comentr̀ios ̉norma de desempenho e responsabilidade civil nas edificaė̳s com tp̤icos avanȧdos
|h [Recurso electrn̤ico] /
|c Valmir Luiz Pelacani
|
| 256 |
|
|
|a Servicio en ln̕ea
|
| 260 |
|
|
|a San Pablo:
|b LEUD - Livraria e Editora Universitr̀ia de Direito,
|c 2021
|
| 300 |
|
|
|a 1 recurso electrn̤ico
|
| 506 |
1 |
|
|a Disponible solo en los productos indicados
|d vLex Global
|d vLex Global (Academic Edition, excluding Law Schools)
|d vLex Global (U.S. Academic Edition, Law Schools)
|d vLex Global (U.S. Academic Edition, excluding Law Schools)
|d vLex Global (Academic Edition, Law Schools)
|
| 650 |
0 |
4 |
|a Derecho Civil
|z Brasil
|
| 650 |
0 |
4 |
|a Derecho Pb︢lico y Administrativo
|z Brasil
|
| 740 |
0 |
|
|a vLex Libros (Servicio en ln̕ea)
|
| 856 |
4 |
0 |
|u https://vlex.com/source/comentarios-norma-desempenho-responsabilidade-civil-edifica-es-topicos-avan-ados-33079
|z Acceso restringido
|
| 942 |
|
|
|c BOOK
|
| 999 |
0 |
|
|a Civil Law
|
| 999 |
0 |
|
|a Public and Administrative Law
|